000 00566nam a2200169 i 4500
001 83347
003 ES-MaACL
005 20230906174820.0
007 t|
008 041116s1979 sp ||||1| spa d
245 0 0 _aSalarios
_b: resultados trimestrales y media mensual del año 1977 /
_cInstituto Nacional de Estadística.
260 _a[Madrid :
_bs.n.,
_c1979]
300 _aXXVII, 81 p. ;
_c27 cm.
650 4 _aSalarios-
_zEspaña-
_vEstadísticas.
_9151363
710 2 _aInstituto Nacional de Estadística (España)
_95162
852 _aES-MaACL
_jA-10089
_bR.99496
999 _c83347
_d83347